000
00295nam a22001217a 4500
008
170715b xxu||||| |||| 00| 0 eng d
041
_a
eng
080
_a
2
100
_a
24
101
_a
ANT
245
_a
CHRISTIANITY AND PAGANISM IN THE FOURTH TO EIGHTH CENTURIES
_c
MULLEN,R
942
_2
udc
_c
BK
999
_c
21208
_d
21208